[Event "Challenge"]
[Site "http://www.queenalice.com/game.php?id=159095"]
[Date "2007.1.25"]
[Round "-"]
[White "Stuart"]
[Black "dany"]
[Result "0-1"]
[WhiteElo "954"]
[BlackElo "1173"]

1. b4 Nc6 2. Ba3 e5 3. Nh3 d6 4. Ng1 Nd4 5. e3 Nc6 6. Qh5 g6 7. Qf3 Nf6 8. Nc3
Bf5 9. Bb5 a6 10. Bxc6+ bxc6 11. Nh3 Bxc2 12. Qxc6+ Nd7 13. Ne4 Rb8 14. Nf6+ Ke7
15. Rc1 Nxf6 16. Rxc2 Ke6 17. Ng5+ Kf5 18. e4+ Nxe4 19. f3 Nxg5 20. f4 exf4 21.
Rf1 Rb6 22. Qd5+ Kf6 23. Rxf4+ Kg7 24. h4 c6 25. Qd3 Qe8+ 26. Kd1 Ne6 27. Qc3+
f6 28. Rxf6 d5 29. Rxf8+ Kxf8 30. Qxh8+ Ke7 31. Qxh7+ Kd6 32. b5+ c5 33. Rxc5
axb5 34. Qh5 Nxc5 35. Qg4 b4 36. Qf4+ Kc6 37. Qf6+ Qe6 38. Qd8 bxa3 0-1

[Event "Challenge"]
[Site "http://www.queenalice.com/game.php?id=159182"]
[Date "2007.1.26"]
[Round "-"]
[White "Stuart"]
[Black "Chazam"]
[Result "0-1"]
[WhiteElo "884"]
[BlackElo "1441"]

1. b4 d5 2. Nc3 c6 3. Nh3 h6 4. Ba3 g6 5. Nf4 Bg7 6. Rc1 Be5 7. Nd3 Nd7 8. Nxe5
Nxe5 9. g3 Nf6 10. Rg1 Be6 11. f4 Nc4 12. e3 Nxa3 13. h3 d4 14. exd4 Qxd4 15.
Be2 Qxg1+ 16. Bf1 Bxh3 17. Ke2 Bg4+ 18. Kd3 Rd8+ 19. Nd5 Rxd5+ 20. Kc3 Bxd1 21.
Rxd1 Qd4+ 22. Kb3 a5 23. Kxa3 Qxb4# 0-1

[Event "Challenge"]
[Site "http://www.queenalice.com/game.php?id=159234"]
[Date "2007.1.26"]
[Round "-"]
[White "rrainey22"]
[Black "Stuart"]
[Result "1-0"]
[WhiteElo "1614"]
[BlackElo "976"]

1. d4 Nh6 2. e4 b5 3. e5 Nf5 4. g3 Rg8 5. Bg2 c6 6. g4 Nh4 7. Bg5 Ng6 8. h4 Na6
9. h5 Nh8 10. c3 Qa5 11. b4 Qa3 12. Nxa3 Bb7 13. Nxb5 Rd8 14. Na3 h6 15. Bc1 e6
16. Qd3 g6 17. hxg6 fxg6 18. Bxh6 g5 19. Qh7 Be7 20. Qxg8+ Bf8 21. Qxf8# 1-0

[Event "AUTO-OPEN-531"]
[Site "http://www.queenalice.com/game.php?id=159294"]
[Date "2007.1.26"]
[Round "1"]
[White "alvishope1"]
[Black "Stuart"]
[Result "1-0"]
[WhiteElo "1564"]
[BlackElo "979"]

1. d4 Nh6 2. e4 a5 3. g4 e6 4. Nh3 Bb4+ 5. c3 Bd6 6. Qf3 Qh4 7. g5 Ng8 8. Nd2
Ra6 9. Bxa6 bxa6 10. Nc4 Bf4 11. Bxf4 Bb7 12. Nd2 Nc6 13. Bg3 Qxh3 14. Bxc7 Qxf3
15. Nxf3 h6 16. O-O-O Kf8 17. Rhg1 hxg5 18. Rxg5 Rh3 19. Bd6+ Ke8 20. Ne5 Nxe5
21. dxe5 Bxe4 22. Rxg7 a4 23. Rxg8# 1-0

[Event "AUTO-OPEN-531"]
[Site "http://www.queenalice.com/game.php?id=159295"]
[Date "2007.1.26"]
[Round "1"]
[White "Stuart"]
[Black "alvishope1"]
[Result "0-1"]
[WhiteElo "976"]
[BlackElo "1538"]

1. Nh3 Nf6 2. b4 e6 3. g4 Nxg4 4. Rg1 Nxh2 5. Rh1 Nxf1 6. Kxf1 Bxb4 7. Rg1 Qh4
8. Bb2 Qxh3+ 9. Ke1 b6 10. Bxg7 Rg8 11. Be5 Rxg1# 0-1

[Event "AUTO-OPEN-531"]
[Site "http://www.queenalice.com/game.php?id=159329"]
[Date "2007.1.26"]
[Round "1"]
[White "Stuart"]
[Black "hartto"]
[Result "0-1"]
[WhiteElo "976"]
[BlackElo "1939"]

1. Na3 e5 2. Nh3 d5 3. c3 Bc5 4. d4 exd4 5. Bg5 Nf6 6. Nf4 O-O 7. b4 Bb6 8. g3
Re8 9. Qa4 dxc3 10. Rd1 Bxf2+ 11. Kxf2 Ne4+ 12. Ke1 Nxg5 13. Nxd5 Bd7 14. b5 a6
15. Nc4 Bxb5 16. Qc2 Bxc4 17. h4 Nf3+ 18. Kf2 Nd2 19. Qxd2 cxd2 20. Nf4 Qd4+ 21.
Kg2 Bxa2 22. e3 Rxe3 23. Nh5 Re1 24. Rxe1 dxe1=N+ 25. Kh2 Be6 26. Bd3 Qf2# 0-1

[Event "Challenge"]
[Site "http://www.queenalice.com/game.php?id=161880"]
[Date "2007.2.1"]
[Round "-"]
[White "farofa38"]
[Black "Stuart"]
[Result "1-0"]
[WhiteElo "1485"]
[BlackElo "976"]

1. e4 Na6 2. d4 d5 3. f3 dxe4 4. fxe4 c5 5. c3 Qa5 6. Nf3 Bg4 7. a3 Nf6 8. Nbd2
Rd8 9. e5 Nd5 10. h3 Bd7 11. Ne4 Bf5 12. Bxa6 bxa6 13. Nxc5 Ne3 14. Bxe3 Rb8 15.
Bc1 Rb6 16. g4 Be4 17. Nxe4 h5 18. Nh2 Re6 19. Bf4 Rd6 20. Nxd6+ exd6 21. gxh5
Qb5 22. Qg4 Qxb2 23. Rd1 Qxc3+ 24. Ke2 Qc2+ 25. Ke1 dxe5 26. dxe5 Bxa3 27. e6
Bb4+ 28. Kf1 f5 29. Qg6+ Ke7 30. Qf7# 1-0

[Event "Challenge"]
[Site "http://www.queenalice.com/game.php?id=167954"]
[Date "2007.2.13"]
[Round "-"]
[White "Stuart"]
[Black "Jac"]
[Result "0-1"]
[WhiteElo "1016"]
[BlackElo "1772"]

1. Na3 e5 2. c4 Bxa3 3. bxa3 Nc6 4. Qa4 Nge7 5. Nh3 d6 6. g4 O-O 7. Bg2 Bxg4 8.
Rf1 Nd4 9. Bxb7 Rb8 10. Qb4 Nc2+ 11. Kd1 Nxb4 12. Rh1 Rxb7 13. Ng5 Nbc6 14. Bb2
Nf5 15. Rg1 Qxg5 16. f3 Rxb2 17. fxg4 Ncd4 18. Rc1 Qxd2# 0-1

[Event "Challenge"]
[Site "http://www.queenalice.com/game.php?id=169992"]
[Date "2007.2.17"]
[Round "-"]
[White "Stuart"]
[Black "Pollyanna"]
[Result "0-1"]
[WhiteElo "947"]
[BlackElo "1225"]

1. c4 e5 2. Qa4 g5 3. Qb5 c6 4. Qxe5+ Be7 5. d3 b6 6. Qxh8 Bf6 7. Qxg8+ Ke7 8.
Qxh7 Ba6 9. Nf3 d6 10. Na3 Nd7 11. Bf4 gxf4 12. g4 Bxb2 13. Nh4 Bxa1 0-1

[Event "Challenge"]
[Site "http://www.queenalice.com/game.php?id=171845"]
[Date "2007.2.21"]
[Round "-"]
[White "Dfreitas"]
[Black "Stuart"]
[Result "1-0"]
[WhiteElo "988"]
[BlackElo "970"]

1. b4 c6 2. Nf3 Qc7 3. g3 c5 4. bxc5 Qa5 5. c3 Qxc5 6. Nd4 Qh5 7. g4 Qe5 8. e3
g6 9. f4 Qe4 10. Rg1 Bh6 11. d3 Qc6 12. Nxc6 bxc6 13. Ba3 Ba6 14. c4 Nf6 15. Bc5
1-0

[Event "Challenge"]
[Site "http://www.queenalice.com/game.php?id=177942"]
[Date "2007.3.6"]
[Round "-"]
[White "tonio6291"]
[Black "Stuart"]
[Result "1-0"]
[WhiteElo "1078"]
[BlackElo "1000"]

1. Na3 c5 2. c3 Qa5 3. Nh3 Nf6 4. g3 h5 5. e3 Nc6 6. Bc4 Ne4 7. f3 Nf2 8. Kxf2
d5 9. Nb5 dxc4 10. Qc2 Bxh3 11. g4 Qxb5 12. a4 Qb6 13. Kg3 Qc7+ 14. Kxh3 Ne5 15.
Qd1 Nxf3 16. Qxf3 hxg4+ 17. Kxg4 Qe5 18. d4 Qe6+ 19. Kg3 Qg6+ 20. Kf2 Rh4 21.
Qxb7 Rd8 22. dxc5 Qf6+ 23. Ke1 Rf4 24. exf4 Qe6+ 25. Kf1 1-0

[Event "Challenge"]
[Site "http://www.queenalice.com/game.php?id=177947"]
[Date "2007.3.6"]
[Round "-"]
[White "Stuart"]
[Black "Liz"]
[Result "0-1"]
[WhiteElo "942"]
[BlackElo "1137"]

1. c4 e5 2. Qa4 Bc5 3. h4 Qxh4 4. b4 Qxf2+ 5. Kd1 Qxf1+ 6. Kc2 Qxg2 7. Rh5 Qxg1
8. Rxe5+ Kf8 9. Qb5 Qg6+ 10. d3 Be7 11. Qd5 c6 12. Qd4 Na6 13. Qf4 Nxb4+ 14. Kd1
Qg1+ 15. Kd2 d6 16. Re4 c5 17. Qe3 Qf1 18. Rxe7 Nxe7 19. Ba3 Bg4 0-1

[Event "Challenge"]
[Site "http://www.queenalice.com/game.php?id=178724"]
[Date "2007.3.8"]
[Round "-"]
[White "claudiocaire"]
[Black "Stuart"]
[Result "1-0"]
[WhiteElo "1440"]
[BlackElo "1016"]

1. e4 e6 2. Qf3 Qh4 3. Qc3 a5 4. Qxc7 Ke7 5. Qxc8 Qxe4+ 6. Be2 Qxg2 7. Bf3 Qxf3
8. Nxf3 Ra6 9. Qxb7 Rd6 10. Qxb8 Rd5 11. c4 Rf5 12. Nd4 Rg5 13. d3 Rg2 14. c5
Nf6 15. b4 Ng4 16. bxa5 Rxf2 17. Ba3 Ne3 18. c6+ d6 19. c7 Ng2+ 20. Kxf2 h5 21.
c8=Q g5 22. Qd8# 1-0

[Event "Challenge"]
[Site "http://www.queenalice.com/game.php?id=178802"]
[Date "2007.3.9"]
[Round "-"]
[White "rew"]
[Black "Stuart"]
[Result "1-0"]
[WhiteElo "1082"]
[BlackElo "1016"]

1. e4 e5 2. Qh5 g6 3. Qxe5+ Be7 4. Qxh8 d6 5. Qxg8+ Kd7 6. Qxf7 Qh8 7. Bb5+ Kd8
8. Qf3 Bh4 9. Nc3 Qd4 10. Qd3 Qxf2+ 11. Kd1 Bg4+ 12. Nf3 Qxg2 13. Qf1 Qh3 14. d3
Qxf3+ 15. Qxf3 Bxf3+ 16. Kd2 Bxh1 17. b3 Bg5+ 18. Ke2 Bf6 19. Kd2 1-0

[Event "revanche"]
[Site "http://www.queenalice.com/game.php?id=180861"]
[Date "2007.3.12"]
[Round "-"]
[White "claudiocaire"]
[Black "Stuart"]
[Result "1-0"]
[WhiteElo "1545"]
[BlackElo "1016"]

1. c3 c5 2. Qb3 Qa5 3. Nf3 Nc6 4. Ng5 d5 5. Qxd5 e6 6. Qf3 Ne5 7. Qf4 Nc6 8.
Qxf7+ Kd8 9. Qxf8+ Kc7 10. Qxg7+ Kd8 11. Qxh8 Qc7 12. Qxg8+ Kd7 13. Qxe6+ Kd8
14. Nf7+ 1-0